<?xml version="1.0" encoding="UTF-8"?><?xml-stylesheet type="text/xsl" href="static/style.xsl"?><OAI-PMH xmlns="http://www.openarchives.org/OAI/2.0/" xmlns:xsi="http://www.w3.org/2001/XMLSchema-instance" xsi:schemaLocation="http://www.openarchives.org/OAI/2.0/ http://www.openarchives.org/OAI/2.0/OAI-PMH.xsd"><responseDate>2026-04-17T20:40:22Z</responseDate><request verb="GetRecord" identifier="oai:www.recercat.cat:2445/119834" metadataPrefix="marc">https://recercat.cat/oai/request</request><GetRecord><record><header><identifier>oai:recercat.cat:2445/119834</identifier><datestamp>2025-12-05T05:54:15Z</datestamp><setSpec>com_2072_1057</setSpec><setSpec>col_2072_478808</setSpec><setSpec>col_2072_478917</setSpec></header><metadata><record xmlns="http://www.loc.gov/MARC21/slim" xmlns:dcterms="http://purl.org/dc/terms/" xmlns:xsi="http://www.w3.org/2001/XMLSchema-instance" xmlns:doc="http://www.lyncode.com/xoai" xsi:schemaLocation="http://www.loc.gov/MARC21/slim http://www.loc.gov/standards/marcxml/schema/MARC21slim.xsd">
   <leader>00925njm 22002777a 4500</leader>
   <datafield ind2=" " ind1=" " tag="042">
      <subfield code="a">dc</subfield>
   </datafield>
   <datafield ind2=" " ind1=" " tag="720">
      <subfield code="a">Royuela Mora, Vicente</subfield>
      <subfield code="e">author</subfield>
   </datafield>
   <datafield ind2=" " ind1=" " tag="720">
      <subfield code="a">Castells-Quintana, David</subfield>
      <subfield code="e">author</subfield>
   </datafield>
   <datafield ind2=" " ind1=" " tag="720">
      <subfield code="a">Melguizo Cháfer, Celia</subfield>
      <subfield code="e">author</subfield>
   </datafield>
   <datafield ind2=" " ind1=" " tag="260">
      <subfield code="c">2018-02-14T13:57:03Z</subfield>
   </datafield>
   <datafield ind2=" " ind1=" " tag="260">
      <subfield code="c">2018-02-14T13:57:03Z</subfield>
   </datafield>
   <datafield ind2=" " ind1=" " tag="260">
      <subfield code="c">2017-11</subfield>
   </datafield>
   <datafield ind2=" " ind1=" " tag="260">
      <subfield code="c">2018-02-14T13:57:03Z</subfield>
   </datafield>
   <datafield ind2=" " ind1=" " tag="520">
      <subfield code="a">El impacto de la Gran Recesión en la sociedad española ha sido colosal. A sus efectos globales en términos económicos, sociales y políticos, se suman multitud de situaciones personales difíciles de evaluar en un análisis general. En cualquier caso, la respuesta puede analizarse igualmente desde muchas vertientes. En este trabajo nos centramos en la dimensión espacial, y en concreto en las ciudades españolas. Como aspecto novedoso utilizamos datos municipales agregados en 45 Áreas Urbanas Funcionales (AUFs), definidas por el proyecto Urban Audit (2011). En equilibrio, precios y cantidades se ajustan en el espacio siempre y cuando haya un nivel suficiente de movilidad. El impacto de un acontecimiento de la magnitud de la actual crisis es de esperar que tenga importantes consecuencias de ajuste espacial. En este trabajo describimos la evolución de tres variables habitualmente asociadas con el concepto de equilibrio espacial: población, empleo y precios de vivienda. El análisis de las variables analizadas muestra que si bien todo el país se benefició en términos de empleo, población y precios de vivienda en la época de bonanza, e igualmente ha sufrido durante la crisis, el impacto ha sido diferencial. Así, la España más rural y las ciudades más pequeñas han experimentado una caída relativa en términos de población y de empleo. Las zonas que relativamente han ganado más peso han sido, con diferencia, las ciudades más pobladas donde, además, la recuperación ha llegado antes y con más fuerza. La consecuencia ha sido un aumento de la concentración espacial tanto de población como de actividad económica (empleo) en nuestro país. Las respuestas de política económica deberán ser explícitas en breve, siendo una de ellas la posibilidad de redefinir la política local hacia entornos de decisión metropolitanos.</subfield>
   </datafield>
   <datafield tag="653" ind2=" " ind1=" ">
      <subfield code="a">Crisi econòmica, 2008-2009</subfield>
   </datafield>
   <datafield tag="653" ind2=" " ind1=" ">
      <subfield code="a">Política de l'habitatge</subfield>
   </datafield>
   <datafield tag="653" ind2=" " ind1=" ">
      <subfield code="a">Política econòmica</subfield>
   </datafield>
   <datafield tag="653" ind2=" " ind1=" ">
      <subfield code="a">Ciutats</subfield>
   </datafield>
   <datafield tag="653" ind2=" " ind1=" ">
      <subfield code="a">Mercat de treball</subfield>
   </datafield>
   <datafield tag="653" ind2=" " ind1=" ">
      <subfield code="a">Global Financial Crisis, 2008-2009</subfield>
   </datafield>
   <datafield tag="653" ind2=" " ind1=" ">
      <subfield code="a">Housing policy</subfield>
   </datafield>
   <datafield tag="653" ind2=" " ind1=" ">
      <subfield code="a">Economic policy</subfield>
   </datafield>
   <datafield tag="653" ind2=" " ind1=" ">
      <subfield code="a">Cities and towns</subfield>
   </datafield>
   <datafield tag="653" ind2=" " ind1=" ">
      <subfield code="a">Labor market</subfield>
   </datafield>
   <datafield ind2="0" ind1="0" tag="245">
      <subfield code="a">Las ciudades españolas tras la Gran Recesión: una mirada a la población, el empleo y los precios de la vivienda</subfield>
   </datafield>
</record></metadata></record></GetRecord></OAI-PMH>